1309 1076 1066 1151 1171 1414 1721 1251 1205 1292 1038 1437 1002 1539 1005 1066 1721 1058 1119 1878 1482 1869 1652 1613 1890 1122 1726 1741 1655 1205 1059 1977 1415 1568 1244 1825 1737 1930 1814 1245 1447 1631 1927 1902 1651 1242 1378 1490 1253 1327 1503 1224 1846 1629 1697 1361 1241 1318 1363 1750 1327 1724 1210 1498 1272 1962 1978 1016 1340 1482 1519 1182 1835 1929 1720 1211 1670 1752 1149 1343 1076 1198 1490 1877 1861 1868 1200 1140 1550 1232 1748 1317 1378 1297 1320 1950 1945 1450 1363 BCNSPRNW ULIB Ver.6.0+V

เปลี่ยนเป็นภาษาไทย

Change to English
 แสดงรายละเอียดบรรณานุกรม
  กลับหน้าหลัก

Brief Record : Get Marc (ISO 2709) : E-mail record : QR code < ปิดหน้าต่าง
LEADER : 00000nam 2200000uu 4500
001    13399122234
003     ULIB
008    130116s||||||||th 000 0 tha d
020    ^a9786162079344
060  4 ^aWS113^bส786ป
100 0  ^aสุธีรา เอื้อไพโรจน์กิจ
245 00 ^aป้องกัน 25 โรคฮิตให้ลูก^cสุธีรา เอื้อไพโรจน์กิจ
260    ^aกรุงเทพฯ:^bอมรินทร์สุขภาพ,^c2555
300    ^a132 หน้า
650  4 ^aกุมารเวชศาสตร์
650  4 ^aโรคเด็ก
945    ^p145^l0^i19711
945    ^p145^l0^i19712
945    ^p145^l0^i19713
995    ^aกัณชพร
999    ^aใช้งานได้ทุกระบบ
รายการนี้ยังไม่มีแท็ก
คุณยังไม่ได้ล็อกอิน คุณสามารถมีกิจกรรมร่วมกับเว็บไซต์ได้ แต่ต้องล็อกอินก่อน ::
  ล็อกอิน

รายการสื่อสารสนเทศ

ลำดับที่ ประเภท เลขเรียก/บาร์โค้ด สถานที่ สถานะ
1. วิทยาศาสตร์การแพทย์ และสุขภาพ
วิทยาศาสตร์การแพทย์ และสุขภาพ
สถานะ=หนังสือเก่า
WS113 ส786ป  
  Barcode: 19711
ห้องสมุดวิทยาเขตนครสวรรค์
►ส่วนจัดเก็บหนังสือเก่า นว.
บนชั้น
  ขอยืม
2. วิทยาศาสตร์การแพทย์ และสุขภาพ
วิทยาศาสตร์การแพทย์ และสุขภาพ
สถานะ=หนังสือเก่า
WS113 ส786ป ฉ.2 
  Barcode: 19712
ห้องสมุดวิทยาเขตนครสวรรค์
►ส่วนจัดเก็บหนังสือเก่า นว.
บนชั้น
  ขอยืม
3. วิทยาศาสตร์การแพทย์ และสุขภาพ
วิทยาศาสตร์การแพทย์ และสุขภาพ
สถานะ=หนังสือเก่า
WS113 ส786ป ฉ.3 
  Barcode: 19713
ห้องสมุดวิทยาเขตนครสวรรค์
►ส่วนจัดเก็บหนังสือเก่า นว.
บนชั้น
  ขอยืม

รายการใกล้เคียง
    ผู้แต่ง [สุธีรา เอื้อไพโรจน์กิจ]

    หัวเรื่อง [กุมารเวชศาสตร์]
    หัวเรื่อง [โรคเด็ก]

BibComment


ยังไม่เคยถูกคอมเมนท์

คอมเมนท์ทรัพยากรรายการนี้
  คอมเมนท์: ป้องกัน 25 โรคฮิ..


 Copyright 2026. Bcnsprnw @Library